000 01077nas a2200253 454500
001 14385
005 20260407193505.0
008 260407s2011####ag###########|||spa#d
003 AR-UNSa-BCEJYS
040 _aAR-UNSa-BCEJYS
_bspa
_cAR-UNSa-BCEJYS
080 _a657
_xContabilidad
245 1 0 _aDocumentos de trabajo de contabilidad, auditoría y responsabilidad social
022 _a1853-838X
264 1 _aBuenos Aires :
_bUniversidad de Buenos Aires. Facultad de Ciencias Económicas
_c2011
310 _aFrecuencia: Semestral
942 _cSER
590 _aniveau_biblio:s niveau_hierar:1
100 1 _aRodríguez de Ramírez, María del Carmen
700 1 _aUniversidad de Buenos Aires. Facultad de Ciencias Económicas. Centro de Investigaciones en Auditoría y Responsabilidad Social. Sección de Investigaciones Contables
650 _aCONTABILIDAD
650 _aAuditoría
650 _aResponsabilidad Social Empresaria
856 4 1 _uhttps://biblioeco.unsa.edu.ar/pmb/images/revistas/Documento de trabajo de contabilidad social.jpg
_yImagen de portada
_qimage/jpeg
999 _c8466
_d8466